Poverty and participation in civil society / (Record no. 67724)

MARC details
000 -LEADER
fixed length control field 00534nam a22001457a 4500
005 - DATE AND TIME OF LATEST TRANSACTION
control field 20120608144627.0
020 ## - INTERNATIONAL STANDARD BOOK NUMBER
International Standard Book Number 9231033689
Terms of availability Rs. 120.00 (hbk)
035 ## - SYSTEM CONTROL NUMBER
System control number A-896569
037 ## - SOURCE OF ACQUISITION
Stock number DPL
Source of stock number/acquisition ENG
245 ## - TITLE STATEMENT
Title Poverty and participation in civil society /
Statement of responsibility, etc edited by Yogesh Atal
260 ## - PUBLICATION, DISTRIBUTION, ETC. (IMPRINT)
Place of publication, distribution, etc New Delhi
Name of publisher, distributor, etc Abhinav Publications
Date of publication, distribution, etc 1997
300 ## - PHYSICAL DESCRIPTION
Extent 152p.
Dimensions 20 cms.
942 ## - ADDED ENTRY ELEMENTS (KOHA)
Source of classification or shelving scheme Dewey Decimal Classification
Item type English Books
Classification part 362.5
Call number suffix POV
Holdings
Withdrawn status Lost status Not for loan Collection code Home library Current library Date acquired Cost, normal purchase price Full call number Barcode Cost, replacement price Koha item type
      Non-fiction Sarojini Nagar Sarojini Nagar 08/06/2012 120.00 362.5 POV A-896569 120.00 English Books

© Delhi Public Library
Hit Counter
free hit counter